<?xml version="1.0" encoding="UTF-8"?>
<record
    xmlns:xsi="http://www.w3.org/2001/XMLSchema-instance"
    xsi:schemaLocation="http://www.loc.gov/MARC21/slim http://www.loc.gov/standards/marcxml/schema/MARC21slim.xsd"
    xmlns="http://www.loc.gov/MARC21/slim">

  <leader>02268agaaa2200349   4500</leader>
  <controlfield tag="001">1518</controlfield>
  <controlfield tag="003">IT-RoPAU</controlfield>
  <controlfield tag="005">20220918181246.0</controlfield>
  <controlfield tag="007">d cvaizq</controlfield>
  <controlfield tag="008">50131s9999||||xx ||| |     ||   ||und||</controlfield>
  <datafield tag="040" ind1=" " ind2=" ">
    <subfield code="a">IT-RoPAU</subfield>
    <subfield code="c">IT-RoPAU</subfield>
  </datafield>
  <datafield tag="041" ind1=" " ind2=" ">
    <subfield code="a">ITALIANO</subfield>
  </datafield>
  <datafield tag="100" ind1=" " ind2=" ">
    <subfield code="a">Ejzenstejn Sergej Michailovic</subfield>
    <subfield code="g">Codice regista SPICS: 6988</subfield>
    <subfield code="9">47002</subfield>
  </datafield>
  <datafield tag="130" ind1=" " ind2=" ">
    <subfield code="a">ALEKSANDER NEVSKI</subfield>
    <subfield code="9">47003</subfield>
  </datafield>
  <datafield tag="240" ind1=" " ind2=" ">
    <subfield code="a">ALEKSANDER NEVSKY</subfield>
    <subfield code="g">T1624</subfield>
  </datafield>
  <datafield tag="245" ind1=" " ind2=" ">
    <subfield code="a">ALEKSANDER NEVSKI</subfield>
    <subfield code="c">Prodotto da: Mosfilm Diretto da: Ejzenstejn Sergej Michailovic</subfield>
    <subfield code="p">ALEKSANDER NEVSKI (Rif. Codice opera principale : 21518)</subfield>
  </datafield>
  <datafield tag="246" ind1=" " ind2=" ">
    <subfield code="a">ALEKSANDER NEVSKY</subfield>
  </datafield>
  <datafield tag="250" ind1=" " ind2=" ">
    <subfield code="a">Edizione Standard</subfield>
  </datafield>
  <datafield tag="260" ind1=" " ind2=" ">
    <subfield code="a">URSS (RUSSIA)</subfield>
    <subfield code="b">MOSFILM / Distribuzione: RAI</subfield>
    <subfield code="g">"1938 (1&#xB0; ed.: 1983 ; Ed. Lingua Orig.: 1938)"</subfield>
  </datafield>
  <datafield tag="300" ind1=" " ind2=" ">
    <subfield code="a">VHS</subfield>
    <subfield code="b">sonoro, b&amp;w</subfield>
    <subfield code="c">111 minuti</subfield>
  </datafield>
  <datafield tag="508" ind1=" " ind2=" ">
    <subfield code="a">"Fotografia: Tisse' ; Musica: Prokofiev Sergiej; Soggetto: Ejzenstejn Sergej Michailovic -- Pavlenko "</subfield>
  </datafield>
  <datafield tag="511" ind1=" " ind2=" ">
    <subfield code="a">"Cercassov Nicolai; Oklopkov N.; Abrikossov A.; Ivasceva V.; Orlov D."</subfield>
  </datafield>
  <datafield tag="520" ind1=" " ind2=" ">
    <subfield code="a">NELLA PRIMA META' DEL SECOLO TREDICESIMO LA RUSSIA E' SOGGETTA ALLE INVASIONI DEI CAVALIERI TEUTONI CHE DEVASTANO I VILLAGGI E MASSACRANO LE POPOLAZIONI A NOVGOROD I CAPI DELLA CITTA' CHE E' PARTICOLARMENTE ESPOSTA AL PERICOLO DELL'INVASIONE DECIDONO DI AFFIDARE IL COMPITO DI PROVVEDERE ALLA SALVEZZA COMUNE AL PRINCIPE ALESSANDRO NEVSKY QUESTI RACCOGLIE ATTORNO A SE' GLI UOMINI VALIDI ARMA I CONTADINI E SA DESTARE IN TUTTI UN BATTAGLIERO ARDORE LO SCONTRO DECISIVO AVVIENE SUL LAGO DI PEIPUS CHE L'INVERNO HA GHIACCIATO I RUSSI ALLA FINE HANNO IL SOPRAVVENTO: I CAVALIERI TEUTONI VENGONO SCONFITTI ED ANNIENTATI ESSENDOSI SPEZZATO IL GHIACCIO SOTTO IL PESO DELLE LORO ARMATURE GLI INVASORI VENGONO INGHIOTTITI DALLE ACQUE GELATE FILM IN BIANCO ENERO</subfield>
  </datafield>
  <datafield tag="538" ind1=" " ind2=" ">
    <subfield code="a">PAL, STEREO</subfield>
  </datafield>
  <datafield tag="546" ind1=" " ind2=" ">
    <subfield code="a">ITALIANO</subfield>
  </datafield>
  <datafield tag="650" ind1=" " ind2=" ">
    <subfield code="a">STORICO</subfield>
    <subfield code="e">FILMS [VHS]</subfield>
    <subfield code="x">Codice MATERIA SPICS: 9960</subfield>
    <subfield code="9">47004</subfield>
  </datafield>
  <datafield tag="700" ind1=" " ind2=" ">
    <subfield code="a">Ejzenstejn Sergej Michailovic </subfield>
    <subfield code="e">(regista)</subfield>
    <subfield code="g">Codice regista SPICS: 6988</subfield>
    <subfield code="9">47005</subfield>
  </datafield>
  <datafield tag="700" ind1=" " ind2=" ">
    <subfield code="a">Ejzenstejn Sergej Michailovic </subfield>
    <subfield code="e">(soggetto)</subfield>
    <subfield code="g">Codice Soggetto SPICS: 6988</subfield>
    <subfield code="9">47006</subfield>
  </datafield>
  <datafield tag="700" ind1=" " ind2=" ">
    <subfield code="a">Pavlenko </subfield>
    <subfield code="e">(soggetto)</subfield>
    <subfield code="g">Codice Soggetto 2&#xB0; SPICS: 9655</subfield>
    <subfield code="9">47007</subfield>
  </datafield>
  <datafield tag="700" ind1=" " ind2=" ">
    <subfield code="a">Prokofiev Sergiej</subfield>
    <subfield code="e">(musica)</subfield>
    <subfield code="g">Codice Musica SPICS: 11086</subfield>
    <subfield code="9">47008</subfield>
  </datafield>
  <datafield tag="942" ind1=" " ind2=" ">
    <subfield code="c">VH</subfield>
    <subfield code="2">ddc</subfield>
  </datafield>
  <datafield tag="999" ind1=" " ind2=" ">
    <subfield code="c">106461</subfield>
    <subfield code="d">106461</subfield>
  </datafield>
  <datafield tag="952" ind1=" " ind2=" ">
    <subfield code="0">0</subfield>
    <subfield code="1">0</subfield>
    <subfield code="4">0</subfield>
    <subfield code="6">21518_000000000000000</subfield>
    <subfield code="7">1</subfield>
    <subfield code="a">SPICS</subfield>
    <subfield code="b">SPICS</subfield>
    <subfield code="d">2015-01-31</subfield>
    <subfield code="l">0</subfield>
    <subfield code="o">21518</subfield>
    <subfield code="r">2015-01-31 00:00:00</subfield>
    <subfield code="w">2015-01-31</subfield>
    <subfield code="y">VH</subfield>
    <subfield code="z">Progr. Ins.: 1314 / N.Vol.:1 / Copie: 3 / Pag.: / Copia rara: n.d. / date import: 1.2.2015 / By Epidotti, Trombetti, Vaglietti</subfield>
  </datafield>
</record>
